[Event "2022 Fred Maris Cup (Division C)"]
[Site "Woodvale, Perth WA AUS"]
[Date "2022.06.22"]
[Round "2"]
[White "Leech, Martin"]
[Black "Howard, Mark"]
[Result "1-0"]
[WhiteElo "1476"]
[BlackElo "1463"]
[PlyCount "97"]
[EventDate "2022.06.15"]
[EventType "tourn"]
[EventRounds "5"]
[EventCountry "AUS"]

1. e4 e5 2. Nf3 Nc6 3. d4 exd4 4. Nxd4 d6 5. Nc3 g6 6. Be3 Bg7 7. Qd2 Bd7 8.
O-O-O a6 9. h4 b5 10. Nd5 Ne5 11. b3 c6 12. Nb6 Rb8 13. Nxd7 Qxd7 14. h5 gxh5
15. Nf5 Bf8 16. Nxd6+ Bxd6 17. Qxd6 Qxd6 18. Rxd6 Rd8 19. Rxd8+ Kxd8 20. Rxh5
Nd7 21. e5 Kc7 22. Bd3 Ne7 23. Rxh7 Rxh7 24. Bxh7 Nxe5 25. Bf4 f6 26. Bxe5+
fxe5 27. g4 Kd8 28. Kd2 Ke8 29. Ke3 Kf8 30. Bd3 Kg7 31. c4 Kf6 32. cxb5 axb5
33. a4 bxa4 34. bxa4 Nd5+ 35. Kf3 Nb4 36. Ke4 Nd5 37. a5 Ne7 38. a6 Nc8 39. f4
exf4 40. Kxf4 Na7 41. g5+ Kg7 42. Kf5 Nc8 43. Ke6 c5 44. Kd7 Nb6+ 45. Kc7 c4
46. Bxc4 Nxc4 47. a7 Kg6 48. a8=Q Kxg5 49. Qd5+ 1-0

[Event "2022 Fred Maris Cup (Division D)"]
[Site "Woodvale, Perth WA AUS"]
[Date "2022.06.22"]
[Round "2"]
[White "Gough, Sebastian"]
[Black "Markou, Victor"]
[Result "1-0"]
[WhiteElo "1050"]
[BlackElo "1117"]
[PlyCount "82"]
[EventDate "2022.06.15"]
[EventType "tourn"]
[EventRounds "5"]
[EventCountry "AUS"]

1. d4 d5 2. c4 Nf6 3. Nc3 c6 4. Bf4 g6 5. e3 Bg7 6. Nf3 O-O 7. Bd3 Re8 8. O-O
Nbd7 9. Re1 Nh5 10. Bg5 f6 11. Bh4 e5 12. Qc2 Nb6 13. c5 Nc4 14. Bxc4 dxc4 15.
b3 g5 16. Bg3 Nxg3 17. hxg3 Bg4 18. bxc4 Bxf3 19. gxf3 exd4 20. exd4 Qd7 21.
Qd3 Re7 22. Rxe7 Qxe7 23. Qe4 Qf7 24. Re1 f5 25. Qe7 Bf6 26. Qxf7+ Kxf7 27. g4
Bxd4 28. Na4 f4 29. Rd1 Bf6 30. Rd7+ Kg6 31. Rxb7 Be5 32. Re7 Bf6 33. Re6 Rd8
34. Rxc6 Rd1+ 35. Kg2 Rd4 36. Ra6 Rd2 37. c6 Bd4 38. c7+ Bf6 39. c8=Q Rxa2 40.
Qd8 Kf7 41. Qxf6+ Ke8 1-0

[Event "2022 Fred Maris Cup (Division D)"]
[Site "Woodvale, Perth WA AUS"]
[Date "2022.06.22"]
[Round "2"]
[White "Watson, Jake"]
[Black "Lanham, Bruce"]
[Result "1-0"]
[WhiteElo "1085"]
[BlackElo "1168"]
[PlyCount "57"]
[EventDate "2022.06.15"]
[EventType "tourn"]
[EventRounds "5"]
[EventCountry "AUS"]

1. e4 c6 2. Nf3 d5 3. Nc3 Nf6 4. d3 dxe4 5. Ng5 exd3 6. Bxd3 h6 7. Nxf7 Kxf7 8.
Bg6+ Kg8 9. Qxd8 Be6 10. O-O Bf7 11. Bxf7+ Kxf7 12. Re1 Rg8 13. Ne4 b6 14. Nxf6
gxf6 15. Qc8 Bg7 16. Qe6+ Kg6 17. Qxg8 e5 18. f4 exf4 19. Bxf4 Nd7 20. Re8 Rxe8
21. Qxe8+ Kh7 22. Qxd7 c5 23. Re1 Kg6 24. g4 a5 25. Re7 h5 26. Qe8+ Kh7 27.
Qxh5+ Kg8 28. Qf7+ Kh8 29. Qxg7# 1-0

[Event "2022 Fred Maris Cup (Division E)"]
[Site "Woodvale, Perth WA AUS"]
[Date "2022.06.22"]
[Round "2"]
[White "Rennie, Mike"]
[Black "Kwenda, Ridge"]
[Result "0-1"]
[WhiteElo "880"]
[BlackElo "969"]
[PlyCount "74"]
[EventDate "2022.06.15"]
[EventType "tourn"]
[EventRounds "5"]
[EventCountry "AUS"]

1. e4 e5 2. d3 d6 3. Nf3 Bg4 4. Bg5 Bxf3 5. Qxf3 Qxg5 6. Be2 Qc1+ 7. Bd1 Qxb2
8. c4 Qxa1 9. Ba4+ c6 10. Qd1 Qxa2 11. Nc3 Qa3 12. Kd2 Qb2+ 13. Qc2 Qxc2+ 14.
Kxc2 Na6 15. Rd1 Nb4+ 16. Kd2 g6 17. Rb1 a5 18. Bb3 Bh6+ 19. Ke2 Nf6 20. Na4
Ra6 21. c5 d5 22. exd5 cxd5 23. Nb6 O-O 24. Ba4 Rd8 25. Bb5 Ra7 26. Kf3 e4+ 27.
Ke2 exd3+ 28. Kd1 Bf8 29. Rc1 Ne4 30. Rb1 Nc3+ 31. Kc1 Nxb1 32. Kxb1 Bxc5 33.
Ba4 Bxb6 34. Bb3 d2 35. Bd1 Bxf2 36. Kb2 Rc8 37. Ka3 Rc1 0-1

[Event "2022 Fred Maris Cup (Division E)"]
[Site "Woodvale, Perth WA AUS"]
[Date "2022.06.22"]
[Round "2"]
[White "Frankland, David"]
[Black "De Vas, Senudi"]
[Result "0-1"]
[WhiteElo "1073"]
[BlackElo "1050"]
[PlyCount "96"]
[EventDate "2022.06.15"]
[EventType "tourn"]
[EventRounds "5"]
[EventCountry "AUS"]

1. e4 e6 2. d4 d5 3. e5 c5 4. Nf3 Nc6 5. Bb5 Bd7 6. Bxc6 Bxc6 7. Bd2 Qb6 8. Bc3
cxd4 9. Nxd4 Bb4 10. b3 Bxc3+ 11. Nxc3 Qb4 12. Qd2 Ne7 13. a3 Qa5 14. b4 Qc7
15. f4 O-O 16. Ncb5 Bxb5 17. Nxb5 Qc4 18. Nd6 Qc6 19. O-O Qb6+ 20. Qf2 Qxf2+
21. Rxf2 b6 22. g3 Nf5 23. Nxf5 exf5 24. Rc1 a5 25. b5 Rac8 26. Rf3 Rc5 27. a4
Rfc8 28. Rd3 Kf8 29. c3 d4 30. Rxd4 Rxc3 31. Rxc3 Rxc3 32. Rd6 Rc1+ 33. Kg2 Ra1
34. Rxb6 Rxa4 35. Rb8+ Ke7 36. b6 Kd7 37. Rb7+ Kc6 38. Rxf7 Kxb6 39. Rxg7 Ra2+
40. Kh3 a4 41. e6 Re2 42. e7 a3 43. Rxh7 a2 44. Rh6+ Kc5 45. Rf6 a1=Q 46. Rxf5+
Kc6 47. Re5 Rxe5 48. fxe5 Qxe5 0-1

[Event "2022 Fred Maris Cup (Division A)"]
[Site "Woodvale, Perth WA AUS"]
[Date "2022.06.29"]
[Round "3"]
[White "Clarke, Daniel"]
[Black "Saxon, Marc"]
[Result "0-1"]
[WhiteElo "1784"]
[BlackElo "2015"]
[PlyCount "114"]
[EventDate "2022.06.15"]
[EventType "swiss"]
[EventRounds "6"]
[EventCountry "AUS"]

1. e4 c5 2. Nf3 d6 3. d4 cxd4 4. Nxd4 Nf6 5. Nc3 a6 6. Be2 e5 7. Nb3 Be6 8. Be3
Be7 9. O-O O-O 10. a4 d5 11. exd5 Nxd5 12. Nxd5 Bxd5 13. c4 Bc6 14. Qxd8 Rxd8
15. Bb6 Re8 16. Nc5 Bd8 17. Bxd8 Rxd8 18. Rfd1 Nd7 19. Nxd7 Bxd7 20. Bf3 Bc6
21. Bxc6 bxc6 22. b4 f6 23. Kf1 Rab8 24. Rxd8+ Rxd8 25. b5 cxb5 26. axb5 axb5
27. cxb5 Rb8 28. Rb1 Kf7 29. Ke2 Ke6 30. b6 Kd6 31. Ke3 Kc6 32. Ke4 Rb7 33.
Rc1+ Kd6 34. Rd1+ Ke6 35. Rb1 f5+ 36. Kd3 Kd6 37. f3 Kc6 38. Kc4 h5 39. Rb5 Kd6
40. Rd5+ Ke6 41. Rb5 Kd6 42. Kb4 g6 43. Ka5 e4 44. Ka6 Kc6 45. fxe4 fxe4 46.
Rc5+ Kxc5 47. Kxb7 e3 48. Kc7 e2 49. b7 e1=Q 50. b8=Q Qe5+ 51. Kb7 Qxb8+ 52.
Kxb8 Kd4 53. Kc7 Ke3 54. Kd6 Kf2 55. Ke5 Kxg2 56. Kf6 Kxh2 57. Kxg6 h4 0-1

[Event "2022 Fred Maris Cup (Division A)"]
[Site "Woodvale, Perth WA AUS"]
[Date "2022.06.29"]
[Round "3"]
[White "Janceski, Alex"]
[Black "Plaganyi, Gyula"]
[Result "0-1"]
[WhiteElo "1930"]
[BlackElo "1903"]
[BlackTitle "CM"]
[PlyCount "78"]
[EventDate "2022.06.15"]
[EventType "swiss"]
[EventRounds "6"]
[EventCountry "AUS"]

1. d4 Nf6 2. c4 e6 3. a3 c5 4. e3 cxd4 5. exd4 d5 6. c5 Be7 7. Nf3 O-O 8. Bd3
Ne4 9. O-O f5 10. h3 Bd7 11. b4 Qe8 12. a4 Nc6 13. b5 Nb4 14. Bxe4 dxe4 15. Ne5
a6 16. b6 Rd8 17. Qb3 Nd5 18. Bb2 Bc6 19. Nd2 Nf4 20. Rfe1 Bxc5 21. g3 Nxh3+
22. Kg2 Bxd4 23. Nxc6 Qxc6 24. Kxh3 Bxf2 25. Re2 e3 26. Rc1 Qe8 27. Rxf2 exf2
28. Nf3 Kh8 29. Kg2 f4 30. gxf4 Rxf4 31. Be5 Rf5 32. Rc7 Rd7 33. Kxf2 Rdf7 34.
Rxf7 Qxf7 35. Qc3 h5 36. Ke2 h4 37. Nxh4 Rf2+ 38. Ke3 Rf1 39. Kd2 Qh5 {Time
expired} 0-1

[Event "2022 Fred Maris Cup (Division A)"]
[Site "Woodvale, Perth WA AUS"]
[Date "2022.06.29"]
[Round "3"]
[White "Barry, David"]
[Black "Roebuck, Derek"]
[Result "1/2-1/2"]
[WhiteElo "1834"]
[BlackElo "1822"]
[PlyCount "50"]
[EventDate "2022.06.15"]
[EventType "swiss"]
[EventRounds "6"]
[EventCountry "AUS"]

1. e4 e5 2. Nf3 Nc6 3. Bb5 a6 4. Ba4 Nf6 5. O-O Nxe4 6. d4 exd4 7. Re1 d5 8.
Nxd4 Bd6 9. Nxc6 Bxh2+ 10. Kh1 Qh4 11. Rxe4+ dxe4 12. Qd8+ Qxd8 13. Nxd8+ Kxd8
14. Kxh2 Be6 15. c3 b5 16. Bc2 f5 17. Be3 Ke7 18. Nd2 Kf7 19. Nb3 g6 20. Nd4
Bd5 21. Rd1 Bxa2 22. b3 c5 23. Ra1 cxd4 24. Bxd4 Rhd8 25. Rxa2 b4 1/2-1/2

[Event "2022 Fred Maris Cup (Division A)"]
[Site "Woodvale, Perth WA AUS"]
[Date "2022.06.29"]
[Round "3"]
[White "Gough, Dylan"]
[Black "List, Ross"]
[Result "0-1"]
[WhiteElo "1710"]
[BlackElo "1755"]
[PlyCount "114"]
[EventDate "2022.06.15"]
[EventType "swiss"]
[EventRounds "6"]
[EventCountry "AUS"]

1. Nf3 Nf6 2. d4 g6 3. c4 Bg7 4. Nc3 d6 5. h3 O-O 6. b3 Nbd7 7. Bb2 e5 8. dxe5
dxe5 9. Qc2 c6 10. O-O-O Qc7 11. e4 a5 12. Ba3 Re8 13. Kb1 Bf8 14. Bxf8 Nxf8
15. Be2 Qb6 16. Bd3 a4 17. Rd2 axb3 18. Qxb3 Qa5 19. Rb2 Ne6 20. Bc2 Qc5 21.
Rf1 Ra3 22. Na4 Rxb3 23. Nxc5 Rxb2+ 24. Kxb2 Nxc5 25. Re1 Nfd7 26. Re3 Nb6 27.
Kc3 f6 28. Kb4 Na6+ 29. Kc3 Be6 30. Nd2 Rd8 31. Re1 Nc5 32. Rd1 Ra8 33. Nb3
Nxb3 34. axb3 Kf7 35. g3 Ke7 36. h4 Bg4 37. Rf1 Bf3 38. Re1 Nd7 39. Re3 Bg4 40.
f3 Be6 41. Re1 b5 42. cxb5 cxb5 43. Kb4 Rc8 44. Bd3 Nc5 45. Bxb5 Nxb3 46. Re3
Nd4 47. Bd3 Nc2+ 48. Bxc2 Rxc2 49. Ra3 f5 50. Ra7+ Bd7 51. Ra5 Kf6 52. Ra6+ Be6
53. exf5 gxf5 54. g4 fxg4 55. Ra3 g3 56. Ra1 g2 57. Rg1 Bd5 0-1

[Event "2022 Fred Maris Cup (Division A)"]
[Site "Woodvale, Perth WA AUS"]
[Date "2022.06.29"]
[Round "3"]
[White "Doshi, Chirag"]
[Black "Gibson, Jacob"]
[Result "0-1"]
[WhiteElo "1825"]
[BlackElo "1864"]
[PlyCount "48"]
[EventDate "2022.06.15"]
[EventType "swiss"]
[EventRounds "6"]
[EventCountry "AUS"]

1. e4 c5 2. Nf3 d6 3. d4 cxd4 4. Nxd4 Nf6 5. Nc3 a6 6. Bd3 e5 7. Nb3 d5 8. exd5
Nxd5 9. Nxd5 Qxd5 10. O-O Be7 11. a4 Be6 12. Be3 Nc6 13. Qe2 e4 14. Rad1 exd3
15. Rxd3 Qf5 16. Nd4 Nxd4 17. Rxd4 O-O 18. Rf4 Qg6 19. Bd4 Bg5 20. Re4 Rac8 21.
c3 Bc4 22. Qf3 Bd5 23. Rfe1 Bxe4 24. Rxe4 Rce8 0-1

[Event "2022 Fred Maris Cup (Division A)"]
[Site "Woodvale, Perth WA AUS"]
[Date "2022.06.29"]
[Round "3"]
[White "Bhatia, Abhay"]
[Black "Garang, Kuol Awan"]
[Result "0-1"]
[WhiteElo "1668"]
[BlackElo "1645"]
[PlyCount "84"]
[EventDate "2022.06.15"]
[EventType "swiss"]
[EventRounds "6"]
[EventCountry "AUS"]

1. d4 e5 2. dxe5 Bc5 3. Nf3 d6 4. exd6 Ne7 5. e3 cxd6 6. Bb5+ Nbc6 7. Bxc6+
bxc6 8. O-O O-O 9. c3 a5 10. Nbd2 d5 11. e4 Ba6 12. Re1 Qb6 13. Nd4 Bxd4 14.
cxd4 Qxd4 15. exd5 Nxd5 16. Qc2 Rfe8 17. Rxe8+ Rxe8 18. Nf3 Qb4 19. Bd2 Qb6 20.
Ng5 g6 21. h3 Nb4 22. Bxb4 Qxb4 23. Nf3 Bb5 24. a3 Qf4 25. Qc3 a4 26. Rd1 Qc4
27. Qf6 Qe6 28. Qh4 Qe4 29. Qh6 Qc2 30. Rd2 Qc1+ 31. Kh2 Qc5 32. Qf4 Qe7 33.
Qh6 Bc4 34. g3 Bd5 35. Ng5 f6 36. Re2 Qxe2 37. Qxh7+ Kf8 38. Qh8+ Ke7 39. Qg7+
Kd6 40. Qxf6+ Kc5 41. b4+ axb3 42. Qc3+ Qc4 0-1

[Event "2022 Fred Maris Cup (Division B)"]
[Site "Woodvale, Perth WA AUS"]
[Date "2022.06.29"]
[Round "3"]
[White "Oswald, Franz"]
[Black "Knight, Charles"]
[Result "1/2-1/2"]
[WhiteElo "1551"]
[BlackElo "1445"]
[PlyCount "131"]
[EventDate "2022.06.15"]
[EventType "tourn"]
[EventRounds "5"]
[EventCountry "AUS"]

1. d4 Nf6 2. c4 d5 3. Nc3 c6 4. Nf3 Bf5 5. e3 e6 6. cxd5 exd5 7. Bd3 Bg6 8. O-O
Bd6 9. Re1 Ne4 10. Nd2 Bxh2+ 11. Kf1 Qh4 12. Bxe4 dxe4 13. Qc2 Bc7 14. Ncxe4
Qh1+ 15. Ke2 Bh5+ 16. Nf3 Qxg2 17. Ned2 O-O 18. Rf1 Re8 19. Qf5 Rxe3+ 20. Kxe3
Qg4 21. Qxg4 Bxg4 22. Ne5 Bh5 23. Rh1 g6 24. Rxh5 gxh5 25. Ndf3 Na6 26. Ke2 Re8
27. Be3 Nb4 28. Rg1+ Kf8 29. a3 Nd5 30. Rh1 f6 31. Nd7+ Kf7 32. Nc5 Bf4 33. Nh4
Bxe3 34. fxe3 Nxe3 35. Kd3 Ng4 36. Rf1 b6 37. Ne4 Rd8 38. b4 Rd5 39. Kc3 a5 40.
Rf5 Rxf5 41. Nxf5 axb4+ 42. axb4 Ke6 43. Ng7+ Kd5 44. Nd2 h4 45. Nh5 Ke6 46.
Ng7+ Kf7 47. Nf5 h3 48. Nf3 h2 49. Ng3 h5 50. b5 Ke6 51. bxc6 Kd6 52. d5 Ne5
53. Nxh2 h4 54. Nf5+ Kc7 55. Nxh4 b5 56. Nf5 Nxc6 57. d6+ Kd7 58. Ng4 Ke6 59.
Nge3 b4+ 60. Kc4 Kd7 61. Nd5 Ke6 62. Nxb4 Ne5+ 63. Kc5 Kxf5 64. Nc6 Nd7+ 65.
Kd5 Kg5 66. Ne7 1/2-1/2

[Event "2022 Fred Maris Cup (Division B)"]
[Site "Woodvale, Perth WA AUS"]
[Date "2022.06.29"]
[Round "3"]
[White "Davis, Geoff"]
[Black "Hintz, Steven"]
[Result "0-1"]
[WhiteElo "1532"]
[BlackElo "1572"]
[PlyCount "116"]
[EventDate "2022.06.15"]
[EventType "tourn"]
[EventRounds "5"]
[EventCountry "AUS"]

1. d4 Nf6 2. c4 e6 3. a3 d5 4. e3 Be7 5. Nc3 O-O 6. Nf3 b6 7. Bd3 Bb7 8. O-O
Nbd7 9. b4 c5 10. Rb1 cxd4 11. exd4 dxc4 12. Bxc4 Qc7 13. Qe2 Bxf3 14. gxf3
Rac8 15. Ba6 Qxc3 16. Bb2 Qc7 17. Rbc1 Qb8 18. Bxc8 Rxc8 19. Kh1 Rxc1 20. Bxc1
Nd5 21. Rg1 Bf6 22. Qd3 Nf8 23. Bd2 Ng6 24. Qe4 Ngf4 25. Be3 Qd6 26. Rc1 Qb8
27. Qc2 h6 28. Rg1 Qb7 29. Qe4 Ng6 30. h3 Qa6 31. Rxg6 Nxe3 32. Rg1 Nd5 33. Rc1
g6 34. Ra1 Qc4 35. Rd1 Nc3 36. Qd3 Qxd3 37. Rxd3 Nb5 38. a4 Nxd4 39. Kg2 b5 40.
axb5 Nxb5 41. Kg3 Be7 42. Rb3 Bd8 43. h4 h5 44. f4 Bb6 45. f3 Kg7 46. Rb2 Kf6
47. Re2 Bc7 48. Re4 Nd6 49. Re1 Nf5+ 50. Kh3 Bxf4 51. Ra1 Be3 52. Ra2 Bb6 53.
f4 Ne7 54. b5 Nd5 55. Kg3 Kf5 56. Ra1 Nxf4 57. Rf1 e5 58. Rd1 f6 0-1

[Event "2022 Fred Maris Cup (Division C)"]
[Site "Woodvale, Perth WA AUS"]
[Date "2022.06.29"]
[Round "3"]
[White "Howard, Mark"]
[Black "Sowden, Miles"]
[Result "0-1"]
[WhiteElo "1463"]
[BlackElo "1510"]
[PlyCount "87"]
[EventDate "2022.06.15"]
[EventType "tourn"]
[EventRounds "5"]
[EventCountry "AUS"]

1. e4 e5 2. Nf3 Nc6 3. Bb5 d6 4. h3 Bd7 5. c3 a6 6. Ba4 Nf6 7. d3 Be7 8. Bg5 h6
9. Bxf6 Bxf6 10. Nbd2 O-O 11. Bb3 Na5 12. Nf1 Nxb3 13. Qxb3 Qc8 14. Ng3 b5 15.
Qc2 c5 16. Qd2 Qd8 17. Nh5 Bg5 18. Nxg5 Qxg5 19. Qxg5 hxg5 20. g4 f6 21. f3 Be6
22. b3 d5 23. Ng3 c4 24. dxc4 dxc4 25. b4 a5 26. a3 axb4 27. cxb4 c3 28. Nf5
Bxf5 29. gxf5 Rfd8 30. O-O Rd3 31. Kg2 c2 32. Rf2 Rd1 33. Rf1 Rxf1 34. Rxf1
Rxa3 35. Rc1 Rb3 36. Rxc2 Rxb4 37. Kg3 Rb1 38. Kg4 b4 39. Kh5 Kh7 40. Rc7 b3
41. Rb7 b2 42. h4 gxh4 43. Kxh4 Rh1+ 44. Kg4 0-1

[Event "2022 Fred Maris Cup (Division C)"]
[Site "Woodvale, Perth WA AUS"]
[Date "2022.06.29"]
[Round "3"]
[White "Massam, Justin"]
[Black "Leech, Martin"]
[Result "1-0"]
[WhiteElo "1442"]
[BlackElo "1476"]
[PlyCount "55"]
[EventDate "2022.06.15"]
[EventType "tourn"]
[EventRounds "5"]
[EventCountry "AUS"]

1. d4 d5 2. Nf3 Nf6 3. Bf4 c5 4. c3 Nc6 5. e3 Qb6 6. Na3 Bf5 7. Nb5 Rc8 8. dxc5
Qd8 9. Nbd4 Bg4 10. Nxc6 Rxc6 11. Bb5 e6 12. Bxc6+ bxc6 13. b4 Be7 14. Qa4 Qd7
15. Ne5 Qb7 16. Qxc6+ Qxc6 17. Nxc6 a6 18. O-O Kd7 19. Nb8+ Kc8 20. Nxa6 h6 21.
Nb8 Nh5 22. Nc6 Bf6 23. f3 Bf5 24. Be5 Bxe5 25. Nxe5 f6 26. Nf7 Rf8 27. Nd6+
Kd7 28. g4 1-0

[Event "2022 Fred Maris Cup (Division C)"]
[Site "Woodvale, Perth WA AUS"]
[Date "2022.06.29"]
[Round "3"]
[White "Hounsome, David"]
[Black "Brooke, John"]
[Result "0-1"]
[WhiteElo "1334"]
[BlackElo "1346"]
[PlyCount "64"]
[EventDate "2022.06.15"]
[EventType "tourn"]
[EventRounds "5"]
[EventCountry "AUS"]

1. b3 e5 2. Bb2 Nc6 3. e3 a6 4. d4 Bd6 5. Nd2 f6 6. Ngf3 Bb4 7. dxe5 Qe7 8.
exf6 Nxf6 9. Be2 d6 10. O-O Bd7 11. Nd4 O-O-O 12. Bf3 Nxd4 13. exd4 Ba5 14. d5
Bb6 15. Re1 Qf7 16. c4 Rhe8 17. Ne4 Nxe4 18. Bxe4 Bxf2+ 19. Kh1 Bxe1 20. Qf3
Qxf3 21. gxf3 Bf2 22. Kg2 Ba7 23. Rd1 h5 24. h4 Rf8 25. a4 Bf5 26. Bd4 Bxd4 27.
Rxd4 Bxe4 28. Rxe4 Rde8 29. Rxe8+ Rxe8 30. Kf2 Re5 31. f4 Re7 32. b4 Re4 0-1

[Event "2022 Fred Maris Cup (Division D)"]
[Site "Woodvale, Perth WA AUS"]
[Date "2022.06.29"]
[Round "3"]
[White "Lanham, Bruce"]
[Black "Powell, Darren"]
[Result "0-1"]
[WhiteElo "1168"]
[BlackElo "1232"]
[PlyCount "144"]
[EventDate "2022.06.15"]
[EventType "tourn"]
[EventRounds "5"]
[EventCountry "AUS"]

1. d4 d5 2. Nf3 Nc6 3. g3 Bg4 4. Bg2 Nf6 5. O-O Qd7 6. c4 O-O-O 7. Nbd2 dxc4 8.
e3 e5 9. Qa4 Bxf3 10. Nxf3 Kb8 11. Rd1 Nb4 12. Qxd7 Nxd7 13. Ne1 Nb6 14. a3 Na6
15. Nf3 f6 16. Bd2 Bd6 17. dxe5 fxe5 18. Bc3 Nd7 19. Bf1 b5 20. Rd5 Nac5 21.
Nxe5 Bxe5 22. Bxe5 Kb7 23. Bg2 Kb6 24. Bxg7 Rhg8 25. Bd4 c6 26. Rh5 Rg4 27.
Bxc5+ Nxc5 28. Rxh7 Nd3 29. Rh6 Rf8 30. h3 Rg7 31. Rf1 Rgf7 32. f4 Nxb2 33. Rb1
Nd3 34. Rxc6+ Ka5 35. Kf1 Ne5 36. Re6 Nd3 37. Ke2 Rd8 38. Rd1 Rc7 39. Be4 Rcd7
40. h4 Nc5 41. Rxd7 Rxd7 42. Re5 Nxe4 43. Rxe4 Rd3 44. Rd4 Rxa3 45. h5 Kb4 46.
h6 Ra6 47. Rd7 Rxh6 48. Rxa7 Rh2+ 49. Kf3 c3 50. Ra1 Kb3 51. Rb1+ Rb2 52. Rc1
b4 53. f5 Rd2 54. Rb1+ Ka3 55. Ra1+ Kb2 56. Ra4 b3 57. Rc4 c2 58. f6 Rd7 59.
Ke2 c1=Q 60. Rxc1 Kxc1 61. f7 Rxf7 62. Kd3 b2 63. e4 b1=Q+ 64. Kd4 Rd7+ 65. Ke5
Qb5+ 66. Kf4 Qd3 67. g4 Re7 68. g5 Qxe4+ 69. Kg3 Rg7 70. g6 Rxg6+ 71. Kf2 Rg2+
72. Kf1 Qe2# 0-1

[Event "2022 Fred Maris Cup (Division D)"]
[Site "Woodvale, Perth WA AUS"]
[Date "2022.06.29"]
[Round "3"]
[White "Markou, Victor"]
[Black "Watson, Jake"]
[Result "0-1"]
[WhiteElo "1117"]
[BlackElo "1085"]
[PlyCount "118"]
[EventDate "2022.06.15"]
[EventType "tourn"]
[EventRounds "5"]
[EventCountry "AUS"]

1. e4 e5 2. Nf3 Nf6 3. d3 Bc5 4. Nbd2 Ng4 5. d4 exd4 6. Nxd4 Bxd4 7. Qxg4 Qf6
8. Qf3 Bxb2 9. Rb1 Bxc1 10. Rxc1 Qb2 11. Rd1 Qxa2 12. Bc4 Qa4 13. Qxf7+ Kd8 14.
Qxg7 Re8 15. Qf6+ Re7 16. Qh8+ Re8 17. Qxh7 d6 18. Qh4+ Re7 19. O-O Nc6 20. Bb3
Qb4 21. Rfe1 b6 22. Nc4 Bb7 23. e5 Kd7 24. Qg4+ Re6 25. Qg7+ Re7 26. Qg4+ Re6
27. Qe2 Rae8 28. Qd2 Qxd2 29. Rxd2 b5 30. Nxd6 Rxe5 31. Rxe5 Rxe5 32. Nc4+ Ke6
33. Ne3+ Ke7 34. Re2 Nd4 35. Rd2 Nxb3 36. cxb3 Rc5 37. Re2 Rc1+ 38. Nf1+ Kd6
39. f3 b4 40. Kf2 Ba6 41. Re1 Rc2+ 42. Kg1 Rb2 43. Rd1+ Kc5 44. Rc1+ Kb6 45.
Ne3 Rxb3 46. Nc4+ Bxc4 47. Rxc4 Rb1+ 48. Kf2 a5 49. g4 b3 50. g5 Rb2+ 51. Kg3
Rc2 52. Re4 b2 53. Re6+ Kb7 54. g6 b1=Q 55. g7 Qg1+ 56. Kf4 Qxg7 57. Ke3 Rc5
58. Ke4 Rc4+ 59. Kf5 Qf7+ 0-1

[Event "2022 Fred Maris Cup (Division E)"]
[Site "Woodvale, Perth WA AUS"]
[Date "2022.07.14"]
[Round "3"]
[White "De Vas, Senudi"]
[Black "Overste, Brian"]
[Result "1-0"]
[WhiteElo "1050"]
[BlackElo "898"]
[PlyCount "93"]
[EventDate "2022.06.15"]
[EventType "tourn"]
[EventRounds "5"]
[EventCountry "AUS"]

{Played at Warwick Chess Club} 1. d4 d5 2. c4 dxc4 3. e3 b5 4. a4 c6 5. axb5
cxb5 6. Qf3 Na6 7. Qxa8 Nb4 8. Rxa7 Nc2+ 9. Kd1 Nb4 10. g3 e6 11. Bg2 Bc5 12.
Qb8 Bxa7 13. Qxa7 Ne7 14. Qa3 Nd3 15. Nh3 e5 16. Kc2 exd4 17. Nf4 Nxf2 18. Re1
Bf5+ 19. e4 d3+ 20. Kd2 Bd7 21. Nd5 Nc6 22. h3 Nd4 23. Qa7 Nb3+ 24. Ke3 Nxh3
25. Bxh3 Bxh3 26. Qb6 Qg5+ 27. Kf2 Nxc1 28. Rxc1 Be6 29. Nbc3 O-O 30. Qe3 Qd8
31. Nxb5 Qb8 32. Qb6 Qe5 33. Qd4 f6 34. Rxc4 Bf5 35. Qxe5 fxe5 36. Ne7+ Kh8 37.
exf5 g6 38. g4 h5 39. Nxg6+ Kg7 40. Nxf8 Kxf8 41. gxh5 Kf7 42. h6 Kf6 43. h7
Kxf5 44. h8=Q e4 45. Qh5+ Kf4 46. Qh4+ Ke5 47. Qxe4+ 1-0

[Event "2022 Fred Maris Cup (Division E)"]
[Site "Woodvale, Perth WA AUS"]
[Date "2022.06.29"]
[Round "3"]
[White "Kwenda, Ridge"]
[Black "Frankland, David"]
[Result "1-0"]
[WhiteElo "969"]
[BlackElo "1073"]
[PlyCount "117"]
[EventDate "2022.06.15"]
[EventType "tourn"]
[EventRounds "5"]
[EventCountry "AUS"]

1. e4 e5 2. Nf3 f6 3. d3 Nc6 4. Nc3 Bb4 5. Bd2 a6 6. a3 Bxc3 7. Bxc3 d6 8. Be2
f5 9. exf5 Bxf5 10. Qd2 h6 11. d4 e4 12. Qe3 Qe7 13. Nd2 Nf6 14. O-O d5 15. Nb3
b6 16. h3 O-O 17. Bd2 Qd6 18. c3 a5 19. Bb5 Na7 20. Be2 a4 21. Nc1 c6 22. c4
Kh7 23. Bb4 c5 24. dxc5 d4 25. cxb6 dxe3 26. Bxd6 Rfd8 27. c5 Nc6 28. b7 Ra7
29. fxe3 g6 30. Bb5 Bd7 31. Rxf6 Rxb7 32. Rf7+ Kh8 33. Bxc6 Bxc6 34. Rxb7 Bxb7
35. Ne2 Kg8 36. Nc3 Bc6 37. Rf1 g5 38. Rf6 Kg7 39. Re6 Rd7 40. Kf2 Rb7 41. Re7+
Rxe7 42. Bxe7 Kf7 43. Bd6 Ke6 44. Kg3 Kf5 45. h4 g4 46. Ne2 Bd5 47. Nd4+ Kg6
48. Kf4 h5 49. c6 Kf6 50. c7 Be6 51. Nxe6 Kxe6 52. c8=Q+ Kxd6 53. Kxe4 g3 54.
Qd8+ Ke6 55. Kd4 Kf5 56. Qg5+ Ke6 57. e4 Kd6 58. Qc5+ Ke6 59. Qd5+ 1-0

[Event "2022 Fred Maris Cup (Division A)"]
[Site "Woodvale, Perth WA AUS"]
[Date "2022.07.06"]
[Round "4"]
[White "Plaganyi, Gyula"]
[Black "Hernandez Mendez, Iker"]
[Result "0-1"]
[WhiteElo "1903"]
[WhiteTitle "CM"]
[BlackElo "1826"]
[PlyCount "76"]
[EventDate "2022.06.15"]
[EventType "swiss"]
[EventRounds "6"]
[EventCountry "AUS"]

1. d4 Nf6 2. c4 c5 3. d5 e6 4. Nc3 exd5 5. cxd5 d6 6. e4 g6 7. f4 Bg7 8. Bb5+
Nfd7 9. Nf3 O-O 10. O-O a6 11. Bd3 b5 12. f5 Ne5 13. Bc2 Nbd7 14. Kh1 Qc7 15.
Rb1 Bb7 16. Ne2 Rae8 17. Nf4 Nf6 18. fxg6 hxg6 19. b3 Re7 20. Bb2 Ned7 21. e5
Ng4 22. e6 Bxb2 23. Rxb2 Ne3 24. Qd3 Nxf1 25. Qxf1 Ne5 26. exf7+ Rfxf7 27. Ng5
Rf6 28. Nge6 Qa5 29. Be4 Rexe6 30. dxe6 Rxf4 31. Rf2 Rxf2 32. Qxf2 Bxe4 33. e7
Bc6 34. Qf8+ Kh7 35. h3 Qe1+ 36. Kh2 Nf3+ 37. gxf3 Qf2+ 38. Kh1 Bxf3+ 0-1

[Event "2022 Fred Maris Cup (Division A)"]
[Site "Woodvale, Perth WA AUS"]
[Date "2022.07.06"]
[Round "4"]
[White "List, Ross"]
[Black "Saxon, Marc"]
[Result "0-1"]
[WhiteElo "1755"]
[BlackElo "2015"]
[PlyCount "78"]
[EventDate "2022.06.15"]
[EventType "swiss"]
[EventRounds "6"]
[EventCountry "AUS"]

1. d4 Nf6 2. c4 g6 3. Nf3 Bg7 4. g3 O-O 5. Bg2 d6 6. O-O Nbd7 7. Nc3 e5 8. e4
exd4 9. Nxd4 Ne5 10. Qe2 Bd7 11. h3 Qc8 12. Kh2 Nh5 13. Be3 c5 14. Nc2 f5 15.
exf5 Bxf5 16. Ne1 Nf6 17. Rd1 Nf7 18. f4 Re8 19. Qd2 Nh6 20. Nf3 Nhg4+ 21. hxg4
Nxg4+ 22. Kh1 Nxe3 23. Rf2 Bxc3 24. bxc3 Nxd1 25. Qxd1 Qe6 26. Ng5 Qe1+ 27. Rf1
Qxd1 28. Rxd1 h6 29. Bd5+ Kg7 30. Nf3 Bg4 31. Rd3 Re7 32. Nh4 Rae8 33. Bg2 Re1+
34. Kh2 Rd1 35. Rxd1 Bxd1 36. Bxb7 Re2+ 37. Kh3 Rb2 38. Be4 h5 39. Bxg6 Bg4#
0-1

[Event "2022 Fred Maris Cup (Division A)"]
[Site "Woodvale, Perth WA AUS"]
[Date "2022.07.06"]
[Round "4"]
[White "Maris, Rob"]
[Black "Clarke, Daniel"]
[Result "1/2-1/2"]
[WhiteElo "2072"]
[BlackElo "1784"]
[PlyCount "62"]
[EventDate "2022.06.15"]
[EventType "swiss"]
[EventRounds "6"]
[EventCountry "AUS"]

1. c4 Nf6 2. Nf3 e6 3. g3 d5 4. d4 dxc4 5. Bg2 a6 6. a4 Bb4+ 7. Bd2 c5 8. O-O
O-O 9. dxc5 Bxc5 10. Qc1 Qc7 11. Bf4 Bd6 12. Bxd6 Qxd6 13. Na3 b5 14. axb5 axb5
15. Nxb5 Rxa1 16. Qxa1 Qb6 17. Na3 Ba6 18. Rc1 Rc8 19. Ne5 Qd4 20. Nf3 Qb6 21.
e3 Nbd7 22. Nd2 Ne5 23. Naxc4 Bxc4 24. Nxc4 Qc5 25. b4 Qc7 26. Bf1 Nf3+ 27. Kh1
Ne4 28. Rb1 Ned2 29. Nxd2 Nxd2 30. Rd1 Nxf1 31. Rxf1 Qb7+ 1/2-1/2